Normal view MARC view
  • Howard Anton, William H. Barker, James E. Ward

Entry Personal Name

Number of records used in: 1

001 - CONTROL NUMBER

  • control field: 133739

003 - CONTROL NUMBER IDENTIFIER

  • control field: NUST

005 - DATE AND TIME OF LATEST TRANSACTION

  • control field: 20260316121617.0

008 - FIXED-LENGTH DATA ELEMENTS

  • fixed length control field: 260316|| aca||aabn | a|a d

040 ## - CATALOGING SOURCE

  • Original cataloging agency: NUST
  • Transcribing agency: NUST

100 ## - HEADING--PERSONAL NAME

  • Personal name: Howard Anton, William H. Barker, James E. Ward

670 ## - SOURCE DATA FOUND

  • Source citation: Work cat.: (NUST): Howard Anton, William H. Barker, James E. Ward., The Calculus Companion to Accompany Calculus With Analytic Geometry /, 1995.
© 2023 Central Library, National University of Sciences and Technology. All Rights Reserved.